00301nam a2200109Ia 4500008004000000082001700040100001900057245002700076260004800103300001300151650002700164210210b1986 xxu||||| |||| 00| 0 eng d a321.023 ATHU aATHRE (H V R). aUnion state relations. aBangalorebThe Mysore Economic Reviewc1986 aviii,284 aCentre State Relations